Historia de la literatura española
সংরক্ষণ করুন:
| প্রধান লেখক: | |
|---|---|
| বিন্যাস: | গ্রন্থ |
| ভাষা: | স্প্যানিশ |
| প্রকাশিত: |
Madrid
Gredos
1970
|
| সংস্করন: | 2a. ed |
| বিষয়গুলি: | |
| ট্যাগগুলো: |
ট্যাগ যুক্ত করুন
কোনো ট্যাগ নেই, প্রথমজন হিসাবে ট্যাগ করুন!
|
MARC
| LEADER | 00000nam a2200000 a 4500 | ||
|---|---|---|---|
| 001 | UCZ8306 | ||
| 003 | CL-VaPUC | ||
| 008 | 960119e19700000SP |||||||||||||||||spa|d | ||
| 082 | 0 | 4 | |a 860.9 |b ALB |2 21 |
| 100 | 0 | |a Alborg, Juan Luis |e author |9 353542 | |
| 245 | 1 | 0 | |a Historia de la literatura española |
| 250 | |a 2a. ed | ||
| 300 | |a v | ||
| 942 | |c BK | ||
| 945 | |d 19960119 00:00:00 |a rleighto | ||
| 260 | |a Madrid |b Gredos |c 1970 | ||
| 500 | |a v.1: Edad Media y Renacimiento | ||
| 500 | |a v.2: Epoca Barroca | ||
| 500 | |a v.3: Siglo XVIII | ||
| 500 | |a v.4: El Romanticismo | ||
| 650 | 7 | |a LITERATURA ESPAÑOLA SIGLO 18 |2 CL-VaPUC |9 353543 | |
| 650 | 0 | |a Historia y crítica |9 257407 | |
| 650 | 0 | |a Edad media |9 258041 | |
| 650 | 0 | |a Renacimiento |9 255107 | |
| 650 | 0 | |a Romanticismo en la literatura |9 313777 | |
| 583 | |a last modification |c 20160817 05:34:47 |k Rodrigo Vera | ||
| 999 | |c 244237 |d 244235 | ||
| 952 | |0 0 |1 0 |4 0 |6 860_900000000000000_ALB_1970 |7 0 |8 X |9 258232 |a BIBEDU |b BIBEDU |d 2019-11-19 |h v.1 |i 317137K |o 860.9 ALB 1970 |p 317137K |r 2023-01-13 |w 2019-11-19 |y BK_X |k LIT | ||
| 952 | |0 0 |1 0 |4 0 |6 860_900000000000000_ALB_1970 |7 0 |8 X |9 258233 |a BIBEDU |b BIBEDU |d 2019-11-19 |h v.2 |i 3171388 |o 860.9 ALB 1970 |p 3171388 |r 2023-01-13 |w 2019-11-19 |y BK_X |k LIT | ||